| 000 | 00501nam a2200181Ia 4500 | ||
|---|---|---|---|
| 999 |
_c27762 _d27762 |
||
| 003 | OSt | ||
| 005 | 20201125151838.0 | ||
| 008 | 190216s9999||||xx |||||||||||||| ||und|| | ||
| 020 | _a8171306063 | ||
| 040 | _coclc | ||
| 082 |
_a920 _bNAI/C |
||
| 100 |
_aNair, Pottayil N G _96874 |
||
| 245 | 0 |
_aChangampuzhayute Kaavyasudha / _cPottayil N G Nair |
|
| 260 |
_bDc Books, _a Kottayam; _c1996. |
||
| 300 | _a456p | ||
| 650 | _aPadanam | ||
| 942 |
_cBK _2ddc _h920 _iNAI/C _k920 _mNAI/C |
||